000 03816cam a2201285 a 4500
005 20240618114912.0
008 100804s1995||||ag a | |||| 00| 0 spa d
020 _a9500623137
041 _aspa
092 _c616.893
_l92
_sVID
100 1 _aVidal, Guillermo.
_9979
245 _aEnciclopedia Iberoamericana de Psiquiatría.
_bT.3 Macropedia /
_cGuillermo Vidal.
250 _a1a ed.
260 _aBuenos Aires:
_bEditorial Médica Panamericana;
_c1995.
300 _a889-1888 p.
500 _aVidal, G., Alarcón, R. D. y Lolas Stepke, F. (Dirs.). (1995). Enciclopedia Iberoamericana de Psiquiatría. T.3 Macropedia. (1a ed.). Buenos Aires : Editorial Médica Panamericana.
653 _aMarxismo y neomarxismo
653 _aMecanismos de defensa
653 _aMedicina
653 _aMemoria
653 _aMito
653 _aMotivación
653 _aMotricidad
653 _aMuerte
653 _aMujer - hombre
653 _aNarcisismo
653 _aNaturaleza
653 _aNeurofisiología
653 _aNeurología
653 _aNeuropsicología
653 _aNeuroquímica
653 _aNeurosis
653 _aNosología psiquiátrica
653 _aObsesiones y compulsiones
653 _aOrganización, estructura y sistema
653 _aOrganos sensoriales
653 _aPaidopsiquiatría
653 _aParanoia
653 _aParapsicología
653 _aParentesco
653 _aPensamiento
653 _aPercepción
653 _aPersona y personalidad
653 _aPiel y psique
653 _aPoblación
653 _aPolítica
653 _aPositivismo
653 _aPrevención
653 _aProcreación humana
653 _aProstitución
653 _aPsicoanálisis
653 _aPsicofarmacología
653 _aPsicofisiología
653 _aPsicogeriatría
653 _aPsicología
653 _aPsicología cognitiva
653 _aPsicología de la Gestalt
653 _aPsicología junguiana
653 _aPsicología médica
653 _aPsicología social
653 _aPsicologías orientales
653 _aPsiconeuroendocrinología
653 _aPsiconeuroinmunología
653 _aPsicopatología
653 _aPsicosis
653 _aPsicosis agudas y atípicas
653 _aPsicosomática
653 _aPsicoterapia
653 _aPsique
653 _aPsiquiatría
653 _aPsiquiatría comunitaria
653 _aPsiquiatría en el hospital general
653 _aPsiquitría forense
653 _aPsiquiatría militar
653 _aPsiquiatría social
653 _aPsiquiatría transcultural
653 _aRazón
653 _aReligión
653 _aSalud pública y salud mental
653 _aSectas y sociedades secretas
653 _aSemiótica
653 _aSensibilidad
653 _aServicio social
653 _aSexualidad humana
653 _aSIDA
653 _aSimetría - asimetría
653 _aSimulación
653 _aSistema nervioso
653 _aSociología
653 _aSueño
653 _aSuicidio
653 _aTabaquismo
653 _aTécnica
653 _aTerapéutica
653 _aTiempo
653 _aTipología humana
653 _aTomismo
653 _aTrabajo
653 _aTrastornos del ánimo
653 _aTrastornos del control de los impulsos
653 _aTrastornos de la personalidad y del comportamiento del adulto
653 _aTrastornos mentales asociados a enfermedades físicas
653 _aTrastornos mentales reactivos, sintomáticos y situacionales
653 _aTrastornos somatomorfos
653 _aUtopía
700 1 _aAlarcón, Renato D.
_9980
_eDir.
700 1 _aLolas Stepke, Fernando.
_9981
_eDir.
930 _a1179
942 _2ddc
_cBK
999 _c537
_d537